000 00548nam a2200193 i 4500
001 33709
003 ES-MaACL
005 20230906154816.0
007 t|
008 030203s1969 sp ||||1| spa d
100 1 _aBismark, Klaus von.
_929018
245 1 0 _aNuevas fronteras... /
_cKlaus von Bismark ; [tradujo Diorki].
260 _aSalamanca :
_bSígueme,
_c1969.
300 _a1 v. ;
_c22 cm.
505 8 _aContiene: T.I: Temas teológicos
710 2 _aDiorki.
_93392
740 0 _aTemas teologicos.
852 _aES-MaACL
_jP-1768
_bR.70601
999 _c33709
_d33709